Ekstraklasa 2011/2012 - Statystyki

Ogólne statystyki
  • Ten quiz został rozwiązany 181 razy
  • Średni wynik to 13 z 16
Statystyki odpowiedzi
# klub % Poprawnych
8 Legia
99%
6 Lech
98%
15 Wisła
92%
7 Lechia
90%
1 Cracovia
84%
4 Jagiellonia
83%
13 Śląsk
83%
16 Zagłębie
83%
3 Górnik Zabrze
82%
9 ŁKS
81%
12 Ruch
81%
14 Widzew
77%
5 Korona
71%
11 Polonia Warszawa
69%
2 GKS Bełchatów
62%
10 Podbeskidzie
58%
Nie znaleziono quizów pasujących do podanych kryteriów
Rozkład punktacji
Procent ludzi z każdym wynikiem
Percentyl według liczby udzielonych odpowiedzi
Twoja historia wyników
Nie rozwiązałeś tego quizu